[Event "European Chess Club Cup 2023"]
[Site "Durres, Albania"]
[Date "2023.10.05"]
[Round "5.18"]
[White "Maze, Sebastien"]
[Black "Guliyev, Namig"]
[Result "1/2-1/2"]
[TimeControl "90' + 30' & 30\""]
[WhiteElo "2546"]
[BlackElo "2531"]

1. d4 {[%clk 01:30:32]} {[%emt 00:00:25]} d5 {[%clk 01:30:55]} {[%emt
00:00:07]} 2. Nf3 {[%clk 01:30:47]} {[%emt 00:00:15]} Nf6 {[%clk 01:31:01]}
{[%emt 00:00:25]} 3. c4 {[%clk 01:31:06]} {[%emt 00:00:11]} dxc4 {[%clk
01:30:00]} {[%emt 00:01:31]} 4. e3 {[%clk 01:31:17]} {[%emt 00:00:19]} e6
{[%clk 01:30:16]} {[%emt 00:00:14]} 5. Bxc4 {[%clk 01:31:40]} {[%emt 00:00:07]}
c5 {[%clk 01:30:22]} {[%emt 00:00:24]} 6. O-O {[%clk 01:30:33]} {[%emt
00:01:37]} a6 {[%clk 01:28:06]} {[%emt 00:02:46]} 7. Nbd2 {[%clk 01:30:29]}
{[%emt 00:00:33]} cxd4 {[%clk 01:27:14]} {[%emt 00:01:22]} 8. Nxd4 {[%clk
01:30:45]} {[%emt 00:00:15]} Be7 {[%clk 01:27:38]} {[%emt 00:00:06]} 9. b3
{[%clk 01:30:47]} {[%emt 00:00:28]} O-O {[%clk 01:27:52]} {[%emt 00:00:16]} 10.
Bb2 {[%clk 01:31:11]} {[%emt 00:00:05]} b5 {[%clk 01:28:16]} {[%emt 00:00:06]}
11. Be2 {[%clk 01:31:35]} {[%emt 00:00:07]} Bb7 {[%clk 01:28:42]} {[%emt
00:00:04]} 12. Bf3 {[%clk 01:31:49]} {[%emt 00:00:16]} Qd7 {[%clk 01:24:20]}
{[%emt 00:04:51]} 13. Rc1 {[%clk 01:28:20]} {[%emt 00:04:00]} Ra7 {[%clk
01:19:48]} {[%emt 00:05:02]} 14. Qe2 {[%clk 01:09:15]} {[%emt 00:19:35]} Bxf3
{[%clk 01:14:38]} {[%emt 00:05:38]} 15. N2xf3 {[%clk 01:09:05]} {[%emt
00:00:42]} Rc8 {[%clk 01:14:30]} {[%emt 00:00:38]} 16. Ne5 {[%clk 01:05:59]}
{[%emt 00:03:36]} Qe8 {[%clk 01:14:43]} {[%emt 00:00:15]} 17. f4 {[%clk
00:50:53]} {[%emt 00:15:38]} Rac7 {[%clk 01:10:56]} {[%emt 00:04:16]} 18. Rxc7
{[%clk 00:46:04]} {[%emt 00:05:20]} Rxc7 {[%clk 01:09:16]} {[%emt 00:02:10]} 19.
f5 {[%clk 00:46:32]} {[%emt 00:00:02]} Bd6 {[%clk 01:06:31]} {[%emt 00:03:14]}
20. Ng4 {[%clk 00:46:07]} {[%emt 00:00:55]} Nbd7 {[%clk 01:02:21]} {[%emt
00:04:40]} 21. Nxf6+ {[%clk 00:36:33]} {[%emt 00:10:05]} Nxf6 {[%clk 01:02:42]}
{[%emt 00:00:08]} 22. fxe6 {[%clk 00:36:45]} {[%emt 00:00:19]} fxe6 {[%clk
01:03:06]} {[%emt 00:00:06]} 23. a4 {[%clk 00:37:03]} {[%emt 00:00:11]} Bc5
{[%clk 00:52:02]} {[%emt 00:11:34]} 24. axb5 {[%clk 00:36:09]} {[%emt
00:01:25]} Bxd4 {[%clk 00:50:53]} {[%emt 00:01:39]} 25. Bxd4 {[%clk 00:36:31]}
{[%emt 00:00:08]} Qxb5 {[%clk 00:51:15]} {[%emt 00:00:07]} 26. Qxb5 {[%clk
00:30:26]} {[%emt 00:06:36]} axb5 {[%clk 00:51:38]} {[%emt 00:00:07]} 27. Bxf6
{[%clk 00:30:53]} {[%emt 00:00:02]} gxf6 {[%clk 00:52:04]} {[%emt 00:00:05]} 28.
Rxf6 {[%clk 00:31:20]} {[%emt 00:00:04]} Rc3 {[%clk 00:52:28]} {[%emt
00:00:05]} 29. Rxe6 {[%clk 00:31:46]} {[%emt 00:00:03]} Kf7 {[%clk 00:52:51]}
{[%emt 00:00:07]} 30. Re4 {[%clk 00:30:56]} {[%emt 00:01:20]} Rxb3 {[%clk
00:52:46]} {[%emt 00:00:35]} 31. Kf2 {[%clk 00:31:25]} {[%emt 00:00:02]} b4
{[%clk 00:52:49]} {[%emt 00:00:27]} 32. Rc4 {[%clk 00:31:31]} {[%emt 00:00:24]}
Rb2+ {[%clk 00:52:10]} {[%emt 00:01:09]} 33. Kf3 {[%clk 00:31:55]} {[%emt
00:00:06]} b3 {[%clk 00:52:36]} {[%emt 00:00:04]} 34. Rb4 {[%clk 00:31:32]}
{[%emt 00:00:53]} h5 {[%clk 00:51:25]} {[%emt 00:01:41]} 35. Kg3 {[%clk
00:17:20]} {[%emt 00:14:42]} Kg6 {[%clk 00:49:00]} {[%emt 00:02:55]} 36. Rb5
{[%clk 00:14:50]} {[%emt 00:02:59]} Kh6 {[%clk 00:48:33]} {[%emt 00:00:57]} 37.
Rb6+ {[%clk 00:10:54]} {[%emt 00:04:26]} Kg7 {[%clk 00:45:35]} {[%emt
00:03:28]} 38. h3 {[%clk 00:05:19]} {[%emt 00:06:06]} Kh7 {[%clk 00:45:15]}
{[%emt 00:00:50]} 39. Kh4 {[%clk 00:03:37]} {[%emt 00:02:12]} Rxg2 {[%clk
00:43:10]} {[%emt 00:02:34]} 40. Rxb3 {[%clk 00:04:04]} {[%emt 00:00:04]} Kg6
{[%clk 00:43:16]} {[%emt 00:00:24]} 41. Rb6+ {[%clk 00:03:14]} {[%emt
00:01:20]} Kf7 {[%clk 00:42:40]} {[%emt 00:01:06]} 42. Rb4 {[%clk 00:26:53]}
{[%emt 00:06:51]} Kg6 {[%clk 01:11:28]} {[%emt 00:01:42]} 43. Re4 {[%clk
00:26:26]} {[%emt 00:00:56]} Rg1 {[%clk 01:11:05]} {[%emt 00:00:53]} 44. Rf4
{[%clk 00:25:38]} {[%emt 00:01:19]} Re1 {[%clk 01:10:46]} {[%emt 00:00:49]} 45.
Rf3 {[%clk 00:25:57]} {[%emt 00:00:11]} Re2 {[%clk 01:10:16]} {[%emt 00:01:00]}
46. Kg3 {[%clk 00:24:28]} {[%emt 00:01:59]} Kg5 {[%clk 01:10:35]} {[%emt
00:00:11]} 47. h4+ {[%clk 00:24:53]} {[%emt 00:00:04]} Kg6 {[%clk 01:10:59]}
{[%emt 00:00:07]} 48. Kh3 {[%clk 00:24:39]} {[%emt 00:00:44]} Kg7 {[%clk
01:11:15]} {[%emt 00:00:14]} 1/2-1/2

[Event "European Chess Club Cup 2023"]
[Site "Durres, Albania"]
[Date "2023.10.05"]
[Round "5.19"]
[White "Donchenko, Alexander"]
[Black "Heimann, Andreas"]
[Result "1-0"]
[TimeControl "90' + 30' & 30\""]
[WhiteElo "2676"]
[BlackElo "2552"]

1. d4 {[%clk 01:30:57]} {[%emt 00:00:02]} Nf6 {[%clk 01:30:54]} {[%emt
00:00:06]} 2. c4 {[%clk 01:31:15]} {[%emt 00:00:12]} e6 {[%clk 01:31:18]}
{[%emt 00:00:06]} 3. Nf3 {[%clk 01:31:33]} {[%emt 00:00:12]} d5 {[%clk
01:30:38]} {[%emt 00:01:10]} 4. g3 {[%clk 01:31:42]} {[%emt 00:00:22]} Bb4+
{[%clk 01:28:41]} {[%emt 00:02:27]} 5. Bd2 {[%clk 01:32:03]} {[%emt 00:00:08]}
Be7 {[%clk 01:29:07]} {[%emt 00:00:04]} 6. Bg2 {[%clk 01:32:23]} {[%emt
00:00:10]} O-O {[%clk 01:29:32]} {[%emt 00:00:05]} 7. O-O {[%clk 01:32:46]}
{[%emt 00:00:08]} c6 {[%clk 01:29:59]} {[%emt 00:00:03]} 8. Qc2 {[%clk
01:32:49]} {[%emt 00:00:27]} Nbd7 {[%clk 01:28:44]} {[%emt 00:01:45]} 9. Rc1
{[%clk 01:32:21]} {[%emt 00:00:58]} b6 {[%clk 01:21:11]} {[%emt 00:08:03]} 10.
a4 {[%clk 01:30:42]} {[%emt 00:02:09]} Bb7 {[%clk 01:03:45]} {[%emt 00:17:56]}
11. a5 {[%clk 01:17:58]} {[%emt 00:13:14]} c5 {[%clk 01:03:55]} {[%emt
00:00:20]} 12. a6 {[%clk 01:13:38]} {[%emt 00:04:50]} Bc6 {[%clk 01:04:21]}
{[%emt 00:00:04]} 13. cxd5 {[%clk 01:09:33]} {[%emt 00:04:35]} exd5 {[%clk
01:03:53]} {[%emt 00:00:58]} 14. dxc5 {[%clk 00:58:34]} {[%emt 00:11:28]} bxc5
{[%clk 01:03:26]} {[%emt 00:00:58]} 15. Ba5 {[%clk 00:45:17]} {[%emt 00:13:46]}
Qc8 {[%clk 00:49:35]} {[%emt 00:14:22]} 16. b4 {[%clk 00:41:59]} {[%emt
00:03:48]} Bb5 {[%clk 00:31:52]} {[%emt 00:18:13]} 17. bxc5 {[%clk 00:39:39]}
{[%emt 00:02:50]} Bxc5 {[%clk 00:27:09]} {[%emt 00:05:13]} 18. Nc3 {[%clk
00:19:27]} {[%emt 00:20:42]} Bxa6 {[%clk 00:22:50]} {[%emt 00:04:49]} 19. Ng5
{[%clk 00:16:06]} {[%emt 00:03:52]} h6 {[%clk 00:15:46]} {[%emt 00:07:34]} 20.
Nh3 {[%clk 00:15:22]} {[%emt 00:01:13]} Bc4 {[%clk 00:12:53]} {[%emt 00:03:22]}
21. e3 {[%clk 00:13:31]} {[%emt 00:02:21]} Bb6 {[%clk 00:10:23]} {[%emt
00:03:01]} 22. Nf4 {[%clk 00:12:56]} {[%emt 00:01:05]} Bxa5 {[%clk 00:10:49]}
{[%emt 00:00:03]} 23. Rxa5 {[%clk 00:13:13]} {[%emt 00:00:14]} Nb6 {[%clk
00:11:16]} {[%emt 00:00:03]} 24. e4 {[%clk 00:07:57]} {[%emt 00:05:46]} Qb8
{[%clk 00:02:36]} {[%emt 00:09:10]} 25. exd5 {[%clk 00:06:27]} {[%emt
00:01:59]} Qd6 {[%clk 00:03:04]} {[%emt 00:00:02]} 26. Ne4 {[%clk 00:06:27]}
{[%emt 00:00:29]} Nxe4 {[%clk 00:03:30]} {[%emt 00:00:04]} 27. Qxe4 {[%clk
00:06:52]} {[%emt 00:00:06]} Rfc8 {[%clk 00:03:26]} {[%emt 00:00:34]} 28. Qd4
{[%clk 00:06:31]} {[%emt 00:00:52]} Bb3 {[%clk 00:02:22]} {[%emt 00:01:34]} 29.
Rca1 {[%clk 00:04:22]} {[%emt 00:02:38]} g6 {[%clk 00:02:15]} {[%emt 00:00:37]}
30. h4 {[%clk 00:04:20]} {[%emt 00:00:33]} Rc7 {[%clk 00:02:12]} {[%emt
00:00:33]} 31. Re1 {[%clk 00:03:40]} {[%emt 00:01:10]} Rd8 {[%clk 00:02:08]}
{[%emt 00:00:35]} 32. Kh2 {[%clk 00:01:58]} {[%emt 00:02:11]} Rc4 {[%clk
00:01:39]} {[%emt 00:00:59]} 33. Qd2 {[%clk 00:01:22]} {[%emt 00:01:05]} Ra4
{[%clk 00:01:36]} {[%emt 00:00:34]} 34. Rxa4 {[%clk 00:01:21]} {[%emt
00:00:31]} Bxa4 {[%clk 00:02:02]} {[%emt 00:00:03]} 35. Qa5 {[%clk 00:00:58]}
{[%emt 00:00:54]} Qc7 {[%clk 00:01:39]} {[%emt 00:00:54]} 36. Ra1 {[%clk
00:00:43]} {[%emt 00:00:44]} Bb3 {[%clk 00:01:58]} {[%emt 00:00:11]} 37. Ra3
{[%clk 00:00:33]} {[%emt 00:00:40]} Bc4 {[%clk 00:01:36]} {[%emt 00:00:52]} 38.
Qc3 {[%clk 00:00:33]} {[%emt 00:00:30]} Qe7 {[%clk 00:01:56]} {[%emt 00:00:09]}
39. Ra5 {[%clk 00:00:42]} {[%emt 00:00:22]} h5 {[%clk 00:01:17]} {[%emt
00:01:09]} 40. Qd4 {[%clk 00:00:43]} {[%emt 00:00:29]} Rd7 {[%clk 00:00:41]}
{[%emt 00:01:06]} 41. Rc5 {[%clk 00:28:53]} {[%emt 00:02:20]} Ba6 {[%clk
00:29:51]} {[%emt 00:01:20]} 42. Rc6 {[%clk 00:25:01]} {[%emt 00:04:21]} Rd6
{[%clk 00:24:05]} {[%emt 00:06:16]} 43. Qc5 {[%clk 00:24:59]} {[%emt 00:00:33]}
Rd7 {[%clk 00:24:32]} {[%emt 00:00:03]} 44. Qc3 {[%clk 00:19:28]} {[%emt
00:06:00]} 1-0

[Event "European Chess Club Cup 2023"]
[Site "Durres, Albania"]
[Date "2023.10.05"]
[Round "5.20"]
[White "Demuth, Adrien"]
[Black "Vallejo Pons, Francisco"]
[Result "1/2-1/2"]
[TimeControl "90' + 30' & 30\""]
[WhiteElo "2484"]
[BlackElo "2680"]

1. d4 {[%clk 01:30:56]} {[%emt 00:00:03]} e6 {[%clk 01:28:11]} {[%emt
00:02:49]} 2. c4 {[%clk 01:31:08]} {[%emt 00:00:18]} f5 {[%clk 01:26:50]}
{[%emt 00:01:52]} 3. Nf3 {[%clk 01:30:50]} {[%emt 00:00:48]} Nf6 {[%clk
01:27:10]} {[%emt 00:00:10]} 4. Nc3 {[%clk 01:31:03]} {[%emt 00:00:17]} Bb4
{[%clk 01:26:34]} {[%emt 00:01:06]} 5. Bd2 {[%clk 01:31:18]} {[%emt 00:00:15]}
b6 {[%clk 01:24:58]} {[%emt 00:02:06]} 6. g3 {[%clk 01:31:40]} {[%emt
00:00:09]} Bb7 {[%clk 01:23:21]} {[%emt 00:02:06]} 7. Bg2 {[%clk 01:32:04]}
{[%emt 00:00:06]} O-O {[%clk 01:23:15]} {[%emt 00:00:36]} 8. O-O {[%clk
01:32:29]} {[%emt 00:00:05]} a5 {[%clk 01:23:24]} {[%emt 00:00:22]} 9. Rc1
{[%clk 01:27:09]} {[%emt 00:05:49]} Qe7 {[%clk 01:05:21]} {[%emt 00:18:33]} 10.
a3 {[%clk 01:19:16]} {[%emt 00:08:23]} Bxc3 {[%clk 01:05:24]} {[%emt 00:00:27]}
11. Bxc3 {[%clk 01:19:41]} {[%emt 00:00:05]} Ne4 {[%clk 00:57:04]} {[%emt
00:08:50]} 12. Nd2 {[%clk 01:00:22]} {[%emt 00:19:49]} Nxc3 {[%clk 00:54:54]}
{[%emt 00:02:40]} 13. Rxc3 {[%clk 01:00:27]} {[%emt 00:00:24]} Bxg2 {[%clk
00:55:21]} {[%emt 00:00:04]} 14. Kxg2 {[%clk 01:00:53]} {[%emt 00:00:05]} d6
{[%clk 00:53:39]} {[%emt 00:02:11]} 15. c5 {[%clk 00:36:07]} {[%emt 00:25:15]}
bxc5 {[%clk 00:46:22]} {[%emt 00:07:47]} 16. dxc5 {[%clk 00:36:33]} {[%emt
00:00:05]} Nd7 {[%clk 00:45:39]} {[%emt 00:01:13]} 17. cxd6 {[%clk 00:36:13]}
{[%emt 00:00:50]} cxd6 {[%clk 00:46:07]} {[%emt 00:00:02]} 18. Qc2 {[%clk
00:26:54]} {[%emt 00:09:49]} Rfb8 {[%clk 00:39:58]} {[%emt 00:06:38]} 19. Rc7
{[%clk 00:17:21]} {[%emt 00:10:03]} Qd8 {[%clk 00:38:58]} {[%emt 00:01:30]} 20.
Qc3 {[%clk 00:17:30]} {[%emt 00:00:21]} Nf6 {[%clk 00:27:43]} {[%emt 00:11:45]}
21. Rc1 {[%clk 00:17:47]} {[%emt 00:00:13]} Ne8 {[%clk 00:21:37]} {[%emt
00:06:36]} 22. Rc6 {[%clk 00:16:44]} {[%emt 00:01:34]} a4 {[%clk 00:22:04]}
{[%emt 00:00:02]} 23. Rc2 {[%clk 00:15:19]} {[%emt 00:01:55]} Qd7 {[%clk
00:17:48]} {[%emt 00:04:47]} 24. e4 {[%clk 00:12:30]} {[%emt 00:03:19]} e5
{[%clk 00:13:08]} {[%emt 00:05:10]} 25. Qc4+ {[%clk 00:10:28]} {[%emt
00:02:31]} Kh8 {[%clk 00:13:22]} {[%emt 00:00:16]} 26. exf5 {[%clk 00:08:18]}
{[%emt 00:02:40]} Qxf5 {[%clk 00:11:36]} {[%emt 00:02:16]} 27. Ne4 {[%clk
00:05:08]} {[%emt 00:03:40]} Rb3 {[%clk 00:09:42]} {[%emt 00:02:24]} 28. Nd2
{[%clk 00:02:35]} {[%emt 00:03:03]} Rbb8 {[%clk 00:10:04]} {[%emt 00:00:08]} 29.
Ne4 {[%clk 00:03:03]} {[%emt 00:00:02]} Rb3 {[%clk 00:10:27]} {[%emt 00:00:06]}
30. Nd2 {[%clk 00:01:41]} {[%emt 00:01:53]} Rbb8 {[%clk 00:05:03]} {[%emt
00:05:14]} 1/2-1/2

[Event "European Chess Club Cup 2023"]
[Site "Durres, Albania"]
[Date "2023.10.05"]
[Round "5.21"]
[White "Bluebaum, Matthias"]
[Black "Brunner, Nicolas"]
[Result "1-0"]
[TimeControl "90' + 30' & 30\""]
[WhiteElo "2668"]
[BlackElo "2425"]

1. Nf3 {[%clk 01:30:44]} {[%emt 00:00:15]} d5 {[%clk 01:30:52]} {[%emt
00:00:09]} 2. g3 {[%clk 01:31:03]} {[%emt 00:00:11]} Bg4 {[%clk 01:31:00]}
{[%emt 00:00:22]} 3. Ne5 {[%clk 01:30:56]} {[%emt 00:00:38]} Bf5 {[%clk
01:30:26]} {[%emt 00:01:03]} 4. c4 {[%clk 01:30:54]} {[%emt 00:00:31]} c6
{[%clk 01:25:10]} {[%emt 00:05:46]} 5. Qb3 {[%clk 01:30:25]} {[%emt 00:01:00]}
Qb6 {[%clk 01:24:08]} {[%emt 00:01:32]} 6. d4 {[%clk 01:22:18]} {[%emt
00:08:37]} Nf6 {[%clk 01:18:44]} {[%emt 00:05:54]} 7. cxd5 {[%clk 01:14:44]}
{[%emt 00:08:05]} Qxb3 {[%clk 01:17:04]} {[%emt 00:02:09]} 8. axb3 {[%clk
01:15:09]} {[%emt 00:00:05]} cxd5 {[%clk 01:15:12]} {[%emt 00:02:22]} 9. Nc3
{[%clk 01:11:12]} {[%emt 00:04:27]} Nc6 {[%clk 01:12:35]} {[%emt 00:03:07]} 10.
Nxc6 {[%clk 01:02:15]} {[%emt 00:09:28]} bxc6 {[%clk 01:13:00]} {[%emt
00:00:05]} 11. Ra6 {[%clk 00:56:30]} {[%emt 00:06:14]} e6 {[%clk 01:09:34]}
{[%emt 00:03:56]} 12. Rxc6 {[%clk 00:48:26]} {[%emt 00:08:35]} a5 {[%clk
01:03:27]} {[%emt 00:06:37]} 13. e4 {[%clk 00:37:52]} {[%emt 00:11:03]} Bxe4
{[%clk 00:56:53]} {[%emt 00:07:04]} 14. Bb5 {[%clk 00:36:24]} {[%emt 00:01:58]}
Bb4 {[%clk 00:56:28]} {[%emt 00:00:56]} 15. f3 {[%clk 00:35:51]} {[%emt
00:01:03]} Bc2 {[%clk 00:50:00]} {[%emt 00:06:57]} 16. Rxe6+ {[%clk 00:34:38]}
{[%emt 00:01:43]} Kf8 {[%clk 00:47:53]} {[%emt 00:02:37]} 17. Rc6 {[%clk
00:32:52]} {[%emt 00:02:16]} Bxb3 {[%clk 00:45:49]} {[%emt 00:02:34]} 18. Kf2
{[%clk 00:30:39]} {[%emt 00:02:43]} Ng8 {[%clk 00:35:46]} {[%emt 00:10:33]} 19.
Re1 {[%clk 00:28:19]} {[%emt 00:02:50]} Ne7 {[%clk 00:35:47]} {[%emt 00:00:29]}
20. Rc7 {[%clk 00:27:50]} {[%emt 00:00:59]} f6 {[%clk 00:35:12]} {[%emt
00:01:05]} 21. Bd2 {[%clk 00:27:53]} {[%emt 00:00:28]} Nf5 {[%clk 00:31:22]}
{[%emt 00:04:19]} 22. Nb1 {[%clk 00:22:35]} {[%emt 00:05:49]} Bd6 {[%clk
00:25:13]} {[%emt 00:06:39]} 23. Rd7 {[%clk 00:19:56]} {[%emt 00:03:09]} h5
{[%clk 00:23:42]} {[%emt 00:02:01]} 24. Bd3 {[%clk 00:17:15]} {[%emt 00:03:10]}
Ba4 {[%clk 00:22:28]} {[%emt 00:01:43]} 25. Bxf5 {[%clk 00:17:21]} {[%emt
00:00:25]} Bxd7 {[%clk 00:22:54]} {[%emt 00:00:04]} 26. Bxd7 {[%clk 00:17:48]}
{[%emt 00:00:03]} h4 {[%clk 00:22:48]} {[%emt 00:00:36]} 27. Kg2 {[%clk
00:17:28]} {[%emt 00:00:50]} hxg3 {[%clk 00:23:00]} {[%emt 00:00:18]} 28. hxg3
{[%clk 00:17:56]} {[%emt 00:00:02]} Rb8 {[%clk 00:22:02]} {[%emt 00:01:28]} 29.
Nc3 {[%clk 00:15:20]} {[%emt 00:03:07]} Rh5 {[%clk 00:17:11]} {[%emt 00:05:20]}
30. Nb5 {[%clk 00:14:30]} {[%emt 00:01:20]} Bb4 {[%clk 00:16:51]} {[%emt
00:00:50]} 31. Bxb4+ {[%clk 00:14:52]} {[%emt 00:00:09]} axb4 {[%clk 00:17:16]}
{[%emt 00:00:05]} 32. Nc7 {[%clk 00:14:36]} {[%emt 00:00:45]} b3 {[%clk
00:11:19]} {[%emt 00:06:27]} 33. Ne6+ {[%clk 00:14:34]} {[%emt 00:00:32]} Kg8
{[%clk 00:10:39]} {[%emt 00:01:10]} 34. Nf4 {[%clk 00:14:59]} {[%emt 00:00:05]}
Rh6 {[%clk 00:09:25]} {[%emt 00:01:44]} 35. Be6+ {[%clk 00:15:12]} {[%emt
00:00:17]} 1-0

[Event "European Chess Club Cup 2023"]
[Site "Durres, Albania"]
[Date "2023.10.05"]
[Round "5.22"]
[White "Cvitan, Ognjen"]
[Black "Cheparinov, Ivan"]
[Result "1/2-1/2"]
[TimeControl "90' + 30' & 30\""]
[WhiteElo "2426"]
[BlackElo "2658"]

1. d4 {[%clk 01:29:16]} {[%emt 00:01:43]} Nf6 {[%clk 01:30:53]} {[%emt
00:00:07]} 2. c4 {[%clk 01:28:57]} {[%emt 00:00:50]} e6 {[%clk 01:31:17]}
{[%emt 00:00:06]} 3. Nc3 {[%clk 01:27:00]} {[%emt 00:02:27]} Bb4 {[%clk
01:31:38]} {[%emt 00:00:08]} 4. e3 {[%clk 01:26:20]} {[%emt 00:01:10]} O-O
{[%clk 01:31:52]} {[%emt 00:00:16]} 5. Bd3 {[%clk 01:23:17]} {[%emt 00:03:33]}
d5 {[%clk 01:30:03]} {[%emt 00:02:20]} 6. a3 {[%clk 01:21:02]} {[%emt
00:02:45]} Bxc3+ {[%clk 01:30:15]} {[%emt 00:00:18]} 7. bxc3 {[%clk 01:21:25]}
{[%emt 00:00:07]} c6 {[%clk 01:26:21]} {[%emt 00:04:23]} 8. Nf3 {[%clk
01:15:08]} {[%emt 00:06:47]} b6 {[%clk 01:25:53]} {[%emt 00:00:59]} 9. a4
{[%clk 01:11:21]} {[%emt 00:04:16]} Ba6 {[%clk 01:25:52]} {[%emt 00:00:31]} 10.
Ba3 {[%clk 01:11:24]} {[%emt 00:00:27]} Re8 {[%clk 01:24:27]} {[%emt 00:01:55]}
11. Ne5 {[%clk 01:06:33]} {[%emt 00:05:22]} c5 {[%clk 01:15:15]} {[%emt
00:09:42]} 12. O-O {[%clk 01:03:16]} {[%emt 00:03:46]} Qc7 {[%clk 01:01:37]}
{[%emt 00:14:08]} 13. Rc1 {[%clk 00:59:54]} {[%emt 00:03:51]} Nbd7 {[%clk
00:49:49]} {[%emt 00:12:19]} 14. Nxd7 {[%clk 00:36:13]} {[%emt 00:24:11]} Qxd7
{[%clk 00:50:09]} {[%emt 00:00:10]} 15. cxd5 {[%clk 00:35:21]} {[%emt
00:01:22]} Bxd3 {[%clk 00:50:32]} {[%emt 00:00:08]} 16. dxe6 {[%clk 00:35:14]}
{[%emt 00:00:37]} Rxe6 {[%clk 00:49:34]} {[%emt 00:01:27]} 17. Qxd3 {[%clk
00:35:38]} {[%emt 00:00:07]} Qxa4 {[%clk 00:49:59]} {[%emt 00:00:05]} 18. c4
{[%clk 00:35:30]} {[%emt 00:00:38]} cxd4 {[%clk 00:49:50]} {[%emt 00:00:39]} 19.
exd4 {[%clk 00:35:52]} {[%emt 00:00:07]} Rc8 {[%clk 00:47:36]} {[%emt
00:02:44]} 20. d5 {[%clk 00:23:53]} {[%emt 00:12:29]} Re4 {[%clk 00:47:25]}
{[%emt 00:00:41]} 21. c5 {[%clk 00:21:07]} {[%emt 00:03:16]} bxc5 {[%clk
00:47:48]} {[%emt 00:00:07]} 22. Bxc5 {[%clk 00:21:19]} {[%emt 00:00:18]} h5
{[%clk 00:44:20]} {[%emt 00:03:59]} 23. Ra1 {[%clk 00:20:51]} {[%emt 00:00:56]}
Qc4 {[%clk 00:43:25]} {[%emt 00:01:26]} 24. Qxc4 {[%clk 00:21:14]} {[%emt
00:00:07]} Rxc4 {[%clk 00:43:51]} {[%emt 00:00:04]} 25. Bxa7 {[%clk 00:21:40]}
{[%emt 00:00:04]} Nxd5 {[%clk 00:44:17]} {[%emt 00:00:05]} 26. h3 {[%clk
00:21:27]} {[%emt 00:00:43]} Nc3 {[%clk 00:44:05]} {[%emt 00:00:42]} 27. Rfe1
{[%clk 00:21:29]} {[%emt 00:00:27]} Nb5 {[%clk 00:43:56]} {[%emt 00:00:39]} 28.
Be3 {[%clk 00:21:49]} {[%emt 00:00:10]} Nd4 {[%clk 00:44:20]} {[%emt 00:00:07]}
29. Bxd4 {[%clk 00:22:12]} {[%emt 00:00:07]} Rxd4 {[%clk 00:44:46]} {[%emt
00:00:03]} 30. Rad1 {[%clk 00:22:40]} {[%emt 00:00:02]} Rxd1 {[%clk 00:45:09]}
{[%emt 00:00:08]} 31. Rxd1 {[%clk 00:17:11]} {[%emt 00:00:02]} 1/2-1/2